000 00302nam a22001337a 4500
008 170320b xxu||||| |||| 00| 0 eng d
020 _a026214042X
041 _aeng
080 _a616.8
100 _a7
101 _aSHM
245 _aNEURAL CONNECTIONS, MENTAL COMPUTATION
_cNADEL, L
942 _2udc
_cBK
999 _c8046
_d8046